It looks like you're offline.
Open Library logo
additional options menu

MARC record from Internet Archive

LEADER: 00940cam 2200265Ia 4500
001 003161139
003 OCoLC
005 20130107132142.0
008 030402s1910 nhua 000 0 eng d
035 $a51961255
035 $a(OCoLC)51961255
040 $aNDD$cNDD
049 $aNDDB
099 $aE Pam$a12mo$a#13309
245 00 $aHow to make bread :$bbut not in this disagreeable old-fashioned way.
260 $a[Manchester? N.H. :$bJ.B. Varick Co.?,$c1910?]
300 $a16 p. :$bill. ;$c16 cm.
500 $aCover title.
500 $aDescription of the Universal Three Minute Bread Maker manufactured by Landers, Frary & Clark of New Britian, Conn. and recipes for various types of bread.
650 0 $aCooking (Bread)$xEquipment and supplies.
650 0 $aCooking (Bread)
650 0 $aBread.
650 0 $aKitchen appliances.
690 $aPrescriptive literature.
710 2 $aSallie Bingham Center for Women's History and Culture.$5NcD